Welcome to the Holygrace Academy Library

Please use search bar below to get started

CHICKEN SOUP FOR INDIAN SOUL (Record no. 28)

MARC details
000 -LEADER
fixed length control field 00403nam a22001337a 4500
020 ## - INTERNATIONAL STANDARD BOOK NUMBER
ISBN 978-93-81626-40-5
082 ## - DEWEY DECIMAL CLASSIFICATION NUMBER
Classification number 823
Item number CAN/C
100 ## - MAIN ENTRY--AUTHOR NAME
Personal name JACK CANFIELD, MARK VICTOR HANSEN, AARTI KATOCH PATHAK
245 ## - TITLE STATEMENT
Title CHICKEN SOUP FOR INDIAN SOUL
Remainder of title TEENS TALK GROWING UP
260 ## - PUBLICATION, DISTRIBUTION, ETC. (IMPRINT)
Place of publication INDIA
Name of publisher WESTLAND LTD
Year of publication 2011
300 ## - PHYSICAL DESCRIPTION
Number of Pages 383
650 ## - SUBJECT ADDED ENTRY--TOPICAL TERM
Topical Term MEETING CHALLENGES AND LEARNING FROM LIFE
Geographic subdivision UNITED STATES
942 ## - ADDED ENTRY ELEMENTS (KOHA)
Koha item type Books
Holdings
Withdrawn status Lost status Collection code Home library Current library Shelving location Date acquired Full call number Accession Number Koha item type Source of acquisition
    Fiction Main Library Main Library SHELF-12B-CHICKEN SOUP,ROALD DAH 05/10/2015 823 CAN/C 03939 Books  
    Reference Main Library Main Library SHELF-12B-CHICKEN SOUP,ROALD DAH 03/12/2013 823 CAN/C 07614 Books purchase